| 000 | 00420pab a2200169 454500 | ||
|---|---|---|---|
| 008 | 180718b2006 xxu||||| |||| 00| 0 eng d | ||
| 100 | _aGreer, Scott L. | ||
| 245 | _aThe GLA and whitehall | ||
| 260 | _c2006 | ||
| 300 | _ap.239-53. | ||
| 362 | _aJun | ||
| 650 | _aLocal government - Great Britain | ||
| 650 | _aLocal government | ||
| 700 | _aSandford, Mark | ||
| 773 | _aLocal Government Studies | ||
| 909 | _a70254 | ||
| 999 |
_c70254 _d70254 |
||